000 01255nam a22003617a 4500
003 CHAP
005 20220329141021.0
008 971013s1996 r 00010 d
010 _a61348
011 _a62320
035 _a66494
040 _cCHAP
090 _aTesis
100 0 0 _aHerrera Carrera, Loth Edgar.
_954842
245 _aCaracterización agroclimatológica de la zona oriente del Estado de México
260 _aChapingo, Méx. :
_bEl autor,
_c1996
300 _a87 h.
_b; gráfs. ; anexos
502 _aTesis (Ing. Agr. Esp. en Irrigación) -- UACH. Departamento de Irrigación
590 _aALEPH
_b10
_c20130110
_lUCH01
_h1341
590 _aBATCH-UPD
_b10
_c20130110
_lUCH01
_h1746
590 _aBATCH-UPD
_b10
_c20130410
_lUCH01
_h1124
590 _aBATCH-UPD
_b10
_c20130914
_lUCH01
_h1120
590 _aCONVERSION
_b10
_c20130109
_lUCH01
_h1333
650 1 4 _aCultivos y clima.
_930392
650 1 4 _aCultivos
_zMéxico (Edo.).
_930364
650 1 4 _aEcología agrícola.
_935165
650 1 4 _aHeladas
_xEfecto en plantas.
_953402
650 1 4 _aPlantas
_xEfecto de la humedad.
_988816
901 _aBK
942 _cFOLL
949 _bBC
_cTES
_d-151703
_eTS1
_h29732
_i66494
_si
949 _bBC
_cTES
_d33724000621819
_eTS2
_fc.2
_h29733
_i66494
_si
999 _c61348
_d61348